000 00874nam a2200265Ia 4500
003 OSt
005 20220918170946.0
006 a|||||r|||| 00| 0
007 ta
008 220917b |||||||| |||| 00| 0 eng d
020 _a9781107000148 (hbk)
_c4764.64
024 _a270,875
037 _b656, 31/05/2013, The Book Seller
_cTextual
040 _aARTS
_cARTS
_beng
041 _2eng
_aeng
082 _aR39(S:45), Q2
100 _aGozzano Simone Ed.
_932622
245 0 _aNew perspectives on type identity
_b The mental and the physical
260 _aCambridge
_bCambridge University Press UK
_c2012
300 _ax, 294p.
_ccm.
650 _aPHILOSOPHY
700 _a Hill Christopher S. Ed.
_932623
942 _hR39(S:45), Q2
_cTEXL
_2CC
999 _c136915
_d136915